000 00467nam a22001817a 4500
003 MPLRDC
005 20220104124701.0
008 210129b ||||| |||| 00| 0 eng d
020 _a7-5034-0360-8
082 _a690.11 ZZXY
100 _a竹中宪一
245 _a北京历史漫步
_c天津编译中心译
250 _a一版一刷
260 _a
_b中国文史出版社
_c1991
300 _b
650 _a中国游记--北京
942 _cBK
_o690.11 ZZXY
999 _c21302
_d21292